| 000 | 00510ntaaa2200193 4500 | ||
|---|---|---|---|
| 003 | 01 | ||
| 005 | 20251027202253.0 | ||
| 008 | 0714s1973 ag 01 | ||
| 040 |
_aAR-BaBN _bspa _cAR-BaBN _eaacr _dRIC |
||
| 082 | _a270.1000 L12 | ||
| 100 |
_aLaevchli, Samuel _921098 |
||
| 245 | _aThe serpent and the dove | ||
| 250 | _a1 ed. | ||
| 260 |
_aNashville : _bAbingdon Press, _cc1966 |
||
| 300 | _a256 p | ||
| 500 | _aCinco ensayos sobre el cristianismo primitivo | ||
| 650 | _ahistoria eclesiƔstica | ||
| 942 | _cBK | ||
| 999 |
_c17491 _d17491 |
||